Normal view MARC view

Entry Personal Name

Number of records used in: 1

001 - CONTROL NUMBER

  • control field: 167

003 - CONTROL NUMBER IDENTIFIER

  • control field: DLC

005 - DATE AND TIME OF LATEST TRANSACTION

  • control field: 20191118132029.0

008 - FIXED-LENGTH DATA ELEMENTS

  • fixed length control field: 010323n| acannaabn |a aaa c

010 ## - LIBRARY OF CONGRESS CONTROL NUMBER

  • LC control number: no2001023226

035 ## - SYSTEM CONTROL NUMBER

  • System control number: (OCoLC)oca05446310

040 ## - CATALOGING SOURCE

  • Original cataloging agency: NJQ
  • Language of cataloging: eng
  • Transcribing agency: NJQ

100 1# - HEADING--PERSONAL NAME

  • Personal name: Candra, Sotī Vīrendra

400 0# - SEE FROM TRACING--PERSONAL NAME

  • Personal name: Sotī Vīrendra Candra

400 0# - SEE FROM TRACING--PERSONAL NAME

  • Personal name: Soti Virendra Chandra

400 1# - SEE FROM TRACING--PERSONAL NAME

  • Personal name: Chandra, Soti Virendra

670 ## - SOURCE DATA FOUND

  • Source citation: Bhāratīya saṃskṛti ke mūla tatva, 1998:
  • Information found: t.p. (Sotī Vīrendra Candra) author's name on p. opp. t.p. (Soti Virendra Chandra)

Powered by Koha